Indices de reglas ortográficas; acorde con las últimas disposiciones de la real academia española y /

Guardado en:
Autor Principal: Mandojana De Sangronis, Irma
Formato: Libro
Publicado: Buenos Aires : Huemul, 1978
Edición:3a. ed.
Materias:
Etiquetas: Agregar Etiqueta
Sin Etiquetas, Sea el primero en etiquetar este registro!
LEADER 00648nam a22002175a 4500
001 CEM.cems004104
005 20060216000000.0
008 130507s1978##################000#0#####d
003 CEMS
082 0 4 |a 468.1 
100 1 |a Mandojana De Sangronis, Irma 
245 1 0 |a Indices de reglas ortográficas; acorde con las últimas disposiciones de la real academia española y / 
250 |a 3a. ed. 
260 |a Buenos Aires :  |b Huemul,  |c 1978 
300 |a 63 p. 
653 |a Americanismos 
653 |a Argentinismos 
653 |a Homonimia 
653 |a Ortografia 
653 |a Paronimia 
859 |a CEMS  |b BIB. CEMS - 11 de abril  |h 468.1  |i M312a3  |p 14352.86  |t Ej.1